| 000 | 00882cam a2200277 4500 | ||
|---|---|---|---|
| 008 | 090401t1993 xxu||||| |||| 00| 0 eng d | ||
| 020 | _a0854065865 | ||
| 035 | _a(Sirsi) u57997 | ||
| 041 | _aeng | ||
| 050 | _a693.97 | ||
| 090 | _aRICS 1994/9ABCD | ||
| 110 |
_aRoyal Institution of Chartered Surveyors _94900 |
||
| 245 | 4 | _aThe mundic problem: a guidance note. | |
| 260 |
_aLondon _bRICS _c1993 |
||
| 300 | _a40p. : ill. ; 30cm. | ||
| 350 | _a19.95 | ||
| 520 | _aSUPERSEDED: Replaced by 2nd edition (RICS 1997/12).Recommended sampling, examination and classification procedure for suspect concrete building materials in Cornwall and Devon. | ||
| 650 | _aBUILDING DEFECTS | ||
| 650 | _aCONCRETE | ||
| 650 | _aCORE SAMPLING | ||
| 650 | _aGUIDANCE NOTES | ||
| 650 | _aRICS | ||
| 690 | _aBUILT ENVIRONMENT-CONSTRUCTION DESIGN | ||
| 942 | _n0 | ||
| 948 | _c04/03/1997 | ||
| 999 |
_c94008 _d94008 |
||